Multiantenna wireless communications systems / (Record no. 188046)
[ view plain ]
| 000 -LEADER | |
|---|---|
| fixed length control field | 01045 a2200205 4500 |
| 003 - CONTROL NUMBER IDENTIFIER | |
| control field | Nust |
| 005 - DATE AND TIME OF LATEST TRANSACTION | |
| control field | 20220819112329.0 |
| 010 ## - LIBRARY OF CONGRESS CONTROL NUMBER | |
| LC control number | 2004046249 |
| 020 ## - INTERNATIONAL STANDARD BOOK NUMBER | |
| International Standard Book Number | 1580536344 (alk. paper) |
| 040 ## - CATALOGING SOURCE | |
| Transcribing agency | Nust |
| 082 00 - DEWEY DECIMAL CLASSIFICATION NUMBER | |
| Classification number | 621.384,BAR |
| 100 1# - MAIN ENTRY--PERSONAL NAME | |
| Personal name | Barbarossa, Sergio. |
| 9 (RLIN) | 56654 |
| 245 10 - TITLE STATEMENT | |
| Title | Multiantenna wireless communications systems / |
| Statement of responsibility, etc. | Sergio Barbarossa. |
| 260 ## - PUBLICATION, DISTRIBUTION, ETC. | |
| Place of publication, distribution, etc. | Boston, Mass. : |
| Name of publisher, distributor, etc. | Artech House, |
| Date of publication, distribution, etc. | c2005. |
| 300 ## - PHYSICAL DESCRIPTION | |
| Extent | xv, 448 p. : |
| Other physical details | ill. ; |
| Dimensions | 24 cm. |
| 440 #0 - SERIES STATEMENT/ADDED ENTRY--TITLE | |
| Title | Artech House mobile communications library |
| 9 (RLIN) | 94459 |
| 505 ## - FORMATTED CONTENTS NOTE | |
| Formatted contents note | Introduction (Page-1), Channel Models and Modes (Page-27), Multicarrier Systems (Page-91), Multi Access Systems (Page-121), Diversity And Multiplexing Gain in Open-Loop MIMO Systems (Page-175), Optimal Design of Closed Loop MIMO Systems (Page-229), Space Time Coding for Flat Fading Channels (Page-303), Space Time Coding for Frequency Selective Channels (Page-357), Space Time for Multiuser Systems (Page-381), Cooperative Networks (Page-395). |
| 650 #0 - SUBJECT ADDED ENTRY--TOPICAL TERM | |
| Topical term or geographic name entry element | Telecommunication engineering |
| 942 ## - ADDED ENTRY ELEMENTS (KOHA) | |
| Koha item type | Reference |
| Source of classification or shelving scheme | |
| Withdrawn status | Lost status | Source of classification or shelving scheme | Damaged status | Not for loan | Permanent Location | Current Location | Shelving location | Date acquired | Full call number | Barcode | Date last seen | Price effective from | Koha item type | Public note |
|---|---|---|---|---|---|---|---|---|---|---|---|---|---|---|
| Military College of Signals (MCS) | Military College of Signals (MCS) | Reference | 12/12/2016 | 621.384,BAR | MCS31622 | 12/08/2016 | 12/12/2016 | Reference | Almirah No.23, Shelf No.3 |
